000 01007nam a2200217Ii 4500
003 JO-AjNU
008 230605s9999||||xx |||||||||||||| ||und||
017 _a2002/20319
040 _aJO-AjNU
_bara
_erda
_cJO-AjNU
041 _aara
050 1 4 _aDS38.14.I2778 2003
100 3 _a ابن كثير،عماد الدين ابي الفداء اسماعيل بن كثير القرشي الدمشقي؛خرج احاديثه: احمد بن شعبان احمد، محمد بن عيادي بن عبدالحليم,
_eauthor
_960404
245 0 0 _aالبداية والنهاية، ج9-10
250 _aالطبعة الاولى
264 3 1 _aالقاهرة: مكتبة الصفا، 2003
300 _aج9-10: 312ص
_b ويحتوي على فهرس من ص303ص- 312ص
336 _atext
_btxt
_2rdacontent
337 _aunmediated
_bn
_2rdamedia
338 _avolume
_bnc
_2rdacarrier
650 4 _aالتاريخ الاسلامي-الحضارة الاسلامية-البلاد الاسلامية-تاريخ
_960405
999 _aA27236
_c30804
_d30804